5-Star Movie Characters II Quiz Stats

Quiz Updated Dec 21, 2014

Challenge
Share
Tweet
Embed
Score 0/40 Timer 08:00
6 Plays Today
% Correct
Jason Bourne
91.7%
Rocky Balboa
91.5%
Maximus Decimus Meridius
91.1%
Will Hunting
90.3%
John Rambo
88.9%
Nelson Mandela
87.4%
Jack Dawson
86.7%
Danny Zuko
82.6%
Pvt. James Francis Ryan
82.4%
Frank Abagnale Jr.
78.9%
Howard Hughes
78.3%
Noah
78.3%
Romeo Montague
74.4%
Vincent Vega
74.3%
Lucius Fox
73.1%
Ellis Boyd 'Red' Redding
72.7%
Judge Joseph Dredd
70.1%
John Shaft
69.6%
Mace Windu
68.3%
Eliot Ness
67.9%
% Correct
Tom Ripley
67.5%
Nick Fury
67.2%
John Nash
66.4%
Jules Winnfield
61.9%
Lt. Raymond Tango
52.9%
Tony Manero
52.4%
Jordan Belfort
51.7%
Crash Davis
50.3%
Jim Braddock
50.1%
Marion 'Cobra' Cobretti
49.9%
Ray Kinsella
49.1%
Chili Palmer
46.9%
Linus Caldwell
44.4%
Lt. John J. Dunbar
43.6%
Roy McAvoy
43.5%
Eddie 'Scrap Iron' Dupris
36.8%
Carl Lee Hailey
35.4%
Off. Wendell 'Bud' White
35%
Sean Archer
32.4%
Hoke Colburn
32.4%

You're not logged in!

Compare scores with friends on all Sporcle quizzes.
Join for Free
OR
Log In

You Might Also Like...

Show Comments

Extras

Top Quizzes Today


Score Distribution

Your Account Isn't Verified!

In order to create a playlist on Sporcle, you need to verify the email address you used during registration. Go to your Sporcle Settings to finish the process.

Report this User

Report this user for behavior that violates our Community Guidelines.

Details: